Culture Générale - Série 1476 - Statistiques

Statistiques générales
  • Ce quiz a été pris 91 fois
  • Le résultat moyen est 6 sur 10
Statistiques - réponses
Question Réponse % Correct
Dans la chanson "Frère Jacques", que lui demande-t-on de sonner ? matines
89%
Que peut-on trouver sur un bateau, au bras d'une ménagère ou sur un terrain de tennis ? filet
83%
Une des tragédies lyriques du compositeur baroque Jean-Philippe Rameau, s'intitule : "Castor et... Pollux
78%
Quel personnage d'Alfred Jarry est "roi de Pologne et d'Aragon", et "docteur en pataphysique" ? Ubu
68%
Commençant par un "S", quel nom signifiant "parler seul" en latin, désigne le discours qu'une personne se tient à elle-même ? soliloque
65%
Quel vêtement deux-pièces, créé par l'ingénieur Louis Réard, existe depuis 1946 ? bikini
59%
Quel nom, dérivé de l'espagnol, donnait-on à l'étoffe de dentelle qui couvrait la tête des femmes à l'église ? mantille
39%
Dans le village Saint-Sauveur-en-Puisaye (89) se situe la maison natale de la romancière .... Colette
38%
Quelle ancienne Miss France fut l'héroïne de la série télévisée “Léa Parker” ? Sonia Rolland
34%
Quel fruit les Romains appelaient-ils “la noix grecque” ? amande
20%
Aucun quiz correspondant
Distribution des résultats
% des personnes avec chaque résultat
Percentile par nombre de réponses
Votre historique - résultats
Vous n’avez pas pris ce quiz